|
|
|
|
| LEADER |
00000nam a22000007a 4500 |
| 003 |
CL-VaPUC |
| 005 |
20250321101920.0 |
| 008 |
250115t2007 ||||| |||| 00| 0 eng d |
| 999 |
|
|
|c 446527
|d 446525
|
| 020 |
|
|
|a 978-950-620-155-5
|
| 040 |
|
|
|c Pontificia Universidad Católica de Valparaíso
|
| 082 |
|
7 |
|a 780.9 SUA 2007
|2 22
|
| 100 |
1 |
|
|a Suárez Urtubey, Pola
|e autora
|9 895416
|
| 245 |
|
|
|a Historia de la música.
|
| 250 |
|
|
|a 3a.ed.
|
| 260 |
|
|
|a Buenos Aires, Argentina:
|b Claridad,
|c 2007.
|
| 300 |
|
|
|a 382 páginas.
|
| 500 |
|
|
|a c.1-c.2. Instituto Arcos 8-1-2025.
|
| 583 |
|
|
|c 20250115
|k GC
|
| 650 |
|
0 |
|a Historia de la música
|9 306741
|
| 942 |
|
|
|2 ddc
|c BK
|n 0
|
| 952 |
|
|
|0 0
|1 0
|2 ddc
|4 0
|6 780_900000000000000_SUA_2007
|7 0
|8 A
|9 599314
|a BIBINC
|b BIBINC
|d 2025-01-15
|e Instituto Arcos
|i 5664344
|o 780.9 SUA 2007
|p 5664344
|r 2025-01-15
|t 1
|w 2025-01-15
|y BK
|k IFP
|
| 952 |
|
|
|0 0
|1 0
|2 ddc
|4 0
|6 780_900000000000000_SUA_2007
|7 0
|8 A
|9 599315
|a BIBINC
|b BIBINC
|d 2025-01-15
|e Instituto Arcos
|i 5664345
|o 780.9 SUA 2007
|p 5664345
|r 2025-01-15
|t 2
|w 2025-01-15
|y BK
|k IFP
|